000 01193nam a22001937a 4500
999 _c69226
_d69226
005 20251125233111.0
008 s2555 th ||||| |||| 00| 0 tha d
040 _aNALT
090 _aIS 6/2555 4
100 0 _aคณะผู้ศึกษา GP กลุ่มที่ 4
_944532
245 1 0 _aการรักษาภาพลักษณ์องค์กรของบุคลากรรัฐสภา ศึกษากรณี :
_bการแต่งกายของบุคลากรสำนักงานเลขาธิการสภาผู้แทนราษฎร /
_cคณะผู้ศึกษา GP กลุ่มที่ 4.
260 _aกรุงเทพฯ :
_bรัฐสภา,
_c2555.
300 _a52 หน้า :
_bภาพประกอบ ;
_c30 ซม.
610 2 4 _944533
_aสำนักงานเลขาธิการสภาผู้แทนราษฎร
_xบุคลากร
_xการแต่งกาย
_xวิจัย
850 _aNALT
856 4 0 _uhttps://hdl.handle.net/20.500.14156/368406
942 _cIS
_2local